000 00366nam a2200145 i 4500
001 bg
100 1 _aLEŚNIAK, J.
245 0 _aInformatyka w projektowaniu architektonicznym /
_cJ. Leśniak, A. Szymski. Cz.1.
260 _aSzczecin,
_c1988.
700 1 _aSZYMSKI, A.
040 _cBPK
041 _apol
942 _cKS
008 s pl f |000 0 pol
999 _c4047
_d4047
856 _uhttp://koha.tu.koszalin.pl/cgi-bin/koha/opac-detail.pl?biblionumber=4047
_yKatalog online BPK